MARC details
| 000 -LEADER |
| fixed length control field |
01524nam a2200469 a 4500 |
| 001 - CONTROL NUMBER |
| control field |
21707 |
| 003 - CONTROL NUMBER IDENTIFIER |
| control field |
CZ PrNK |
| 005 - DATE AND TIME OF LATEST TRANSACTION |
| control field |
20260309100155.0 |
| 007 - PHYSICAL DESCRIPTION FIXED FIELD--GENERAL INFORMATION |
| fixed length control field |
ta |
| 008 - FIXED-LENGTH DATA ELEMENTS--GENERAL INFORMATION |
| fixed length control field |
131029s2013 xr a b e 000 0 slo |
| 015 ## - NATIONAL BIBLIOGRAPHY NUMBER |
| National bibliography number |
cnb002509917 |
| 020 ## - INTERNATIONAL STANDARD BOOK NUMBER |
| International Standard Book Number |
9788025226018 |
| Qualifying information |
(váz.) |
| 035 ## - SYSTEM CONTROL NUMBER |
| System control number |
(OCoLC)864849523 |
| 040 ## - CATALOGING SOURCE |
| Original cataloging agency |
BOA001 |
| Language of cataloging |
cze |
| 041 1# - LANGUAGE CODE |
| Language code of text/sound track or separate title |
slo |
| Language code of original |
eng |
| 043 ## - GEOGRAPHIC AREA CODE |
| Geographic area code |
n-us--- |
| 072 #7 - SUBJECT CATEGORY CODE |
| Subject category code |
791 |
| Subject category code subdivision |
Film. Cirkus. Lidová zábava |
| Source |
Konspekt |
| 072 #7 - SUBJECT CATEGORY CODE |
| Subject category code |
0/9-053.2 |
| Subject category code subdivision |
Literatura pro děti a mládež (naučná) |
| Source |
Konspekt |
| 080 ## - UNIVERSAL DECIMAL CLASSIFICATION NUMBER |
| Universal Decimal Classification number |
791.228 |
| Edition identifier |
MRF |
| 080 ## - UNIVERSAL DECIMAL CLASSIFICATION NUMBER |
| Universal Decimal Classification number |
(73) |
| Edition identifier |
MRF |
| 080 ## - UNIVERSAL DECIMAL CLASSIFICATION NUMBER |
| Universal Decimal Classification number |
(084.11) |
| Edition identifier |
MRF |
| 080 ## - UNIVERSAL DECIMAL CLASSIFICATION NUMBER |
| Universal Decimal Classification number |
(0.053.2) |
| Edition identifier |
MRF |
| 100 1# - MAIN ENTRY--PERSONAL NAME |
| Personal name |
Dakin, Glenn, |
| Dates associated with a name |
1960- |
| Relationship |
aut |
| 245 10 - TITLE STATEMENT |
| Title |
Príšerky - univerzita : |
| Remainder of title |
obrazový sprievodca / |
| Statement of responsibility, etc. |
napísal Glenn Dakin ; [anglický originál ... preložila Eva Krupová] |
| 250 ## - EDITION STATEMENT |
| Edition statement |
1. vyd. |
| 260 ## - PUBLICATION, DISTRIBUTION, ETC. |
| Place of publication, distribution, etc. |
V Prahe : |
| Name of publisher, distributor, etc. |
Egmont, |
| Date of publication, distribution, etc. |
2013 |
| 300 ## - PHYSICAL DESCRIPTION |
| Extent |
63 s. : |
| Other physical details |
barev. il. ; |
| Dimensions |
27 cm |
| 500 ## - GENERAL NOTE |
| General note |
Nad názvem: Disney, Pixar |
| 630 07 - SUBJECT ADDED ENTRY--UNIFORM TITLE |
| Uniform title |
Příšerky s.r.o. |
| Source of heading or term |
czenas |
| 650 07 - SUBJECT ADDED ENTRY--TOPICAL TERM |
| Topical term or geographic name entry element |
animované filmy |
| Geographic subdivision |
Spojené státy americké |
| Source of heading or term |
czenas |
| 650 09 - SUBJECT ADDED ENTRY--TOPICAL TERM |
| Topical term or geographic name entry element |
animated film |
| Geographic subdivision |
United States |
| Source of heading or term |
eczenas |
| 655 #7 - INDEX TERM--GENRE/FORM |
| Genre/form data or focus term |
obrazové publikace |
| Source of term |
czenas |
| 655 #7 - INDEX TERM--GENRE/FORM |
| Genre/form data or focus term |
publikace pro děti |
| Source of term |
czenas |
| 655 #9 - INDEX TERM--GENRE/FORM |
| Genre/form data or focus term |
pictorial works |
| Source of term |
eczenas |
| 655 #9 - INDEX TERM--GENRE/FORM |
| Genre/form data or focus term |
children's literature |
| Source of term |
eczenas |
| 710 2# - ADDED ENTRY--CORPORATE NAME |
| Corporate name or jurisdiction name as entry element |
Walt Disney Enterprises |
| 710 2# - ADDED ENTRY--CORPORATE NAME |
| Corporate name or jurisdiction name as entry element |
Pixar (firma) |
| 765 0# - ORIGINAL LANGUAGE ENTRY |
| Title |
Monsters university essential guide |
| 901 ## - LOCAL DATA ELEMENT A, LDA (RLIN) |
| b |
9788025226018 |
| f |
1. vyd. |
| o |
20131108 |
| 910 ## - USER-OPTION DATA (OCLC) |
| User-option data |
ABA001 |
| 942 ## - ADDED ENTRY ELEMENTS (KOHA) |
| Source of classification or shelving scheme |
Dewey Decimal Classification |
| Koha item type |
Krásna literatúra pre deti |
| Suppress in OPAC |
No |